<?xml version="1.0" encoding="UTF-8"?>
<record
    xmlns:xsi="http://www.w3.org/2001/XMLSchema-instance"
    xsi:schemaLocation="http://www.loc.gov/MARC21/slim http://www.loc.gov/standards/marcxml/schema/MARC21slim.xsd"
    xmlns="http://www.loc.gov/MARC21/slim">

  <leader>03809cam a2200265 i 4500</leader>
  <datafield tag="999" ind1=" " ind2=" ">
    <subfield code="c">37497</subfield>
    <subfield code="d">37497</subfield>
  </datafield>
  <datafield tag="020" ind1=" " ind2=" ">
    <subfield code="a">9780415854047 (hardback)</subfield>
  </datafield>
  <datafield tag="082" ind1="0" ind2="0">
    <subfield code="a">340.115098</subfield>
    <subfield code="b">LAW-</subfield>
  </datafield>
  <datafield tag="245" ind1="0" ind2="0">
    <subfield code="a">Law and society in Latin America :</subfield>
    <subfield code="b">a new map /</subfield>
    <subfield code="c">edited by C&#xE9;sar Rodr&#xED;guez-Garavito.</subfield>
  </datafield>
  <datafield tag="260" ind1=" " ind2=" ">
    <subfield code="a">New York :</subfield>
    <subfield code="b">Routledge,</subfield>
    <subfield code="c">2015.</subfield>
  </datafield>
  <datafield tag="300" ind1=" " ind2=" ">
    <subfield code="a">xi, 293p. ;</subfield>
  </datafield>
  <datafield tag="500" ind1=" " ind2=" ">
    <subfield code="a">"A GlassHouse book."</subfield>
  </datafield>
  <datafield tag="504" ind1=" " ind2=" ">
    <subfield code="a">Includes bibliographical references and index.</subfield>
  </datafield>
  <datafield tag="520" ind1=" " ind2=" ">
    <subfield code="a">''Legal thought and practice in Latin America has changed dramatically in the last two decades. First : new constitutions or constitutional reforms have marked the transition to democracy of the vast majority of the countries in the region and introduced fundamental institutional innovations, such as judicial review. Second : processes of globalization have had profound impacts on Latin American law. On the one hand, together with the liberalization of national economies, there has been an intensive importation of legal ideas and institutions, from the commercial and financial regulations promoted by the World Bank and World Trade Organization, to the adversarial criminal justice system inspired by the United States. On the other hand, the globalization of human rights has had a fundamental impact as demonstrated by the multiplication of laws, institutions, and public debates about the rights of groups that historically faced discrimination, and about the punishment of serious human rights violations committed by past or present authoritarian governments. After more than twenty years, these and other processes have not only radically altered the institutional landscape of the region, but also produced academic and practical innovations that are of global interest. Law and Society in Latin America offers the first systematic assessment by leading Latin American legal scholars of these momentous transformations, painting a portrait of the new Latin American legal thought for an international audience"--</subfield>
  </datafield>
  <datafield tag="520" ind1=" " ind2=" ">
    <subfield code="a">"Over the past two decades, legal thought and practice in Latin America has changed dramatically : new constitutions or constitutional reforms have marked a widespread transition to democracy, fundamental institutional innovations have been introduced, and processes of globalization have had profound impacts on Latin American law. Law and Society in Latin America offers the first systematic assessment by leading Latin American legal scholars of the momentous legal and political transformations in the region. Together with the liberalization of national economies, there has been an intensive importation of legal ideas and institutions, from the commercial and financial regulations promoted by the World Bank and World Trade Organization, to the adversarial criminal justice system inspired by the United States. Meanwhile, the globalization of human rights has had a fundamental impact - as demonstrated by the multiplication of laws, institutions, and public debates about the rights of groups that historically faced discrimination, and about the punishment of serious human rights violations committed by past or present authoritarian governments. These and other processes have not only radically altered the institutional landscape of the region, but also produced academic and practical innovations that are of global interest"--</subfield>
  </datafield>
  <datafield tag="650" ind1=" " ind2="0">
    <subfield code="a">Law</subfield>
    <subfield code="z">Latin America.</subfield>
  </datafield>
  <datafield tag="650" ind1=" " ind2="0">
    <subfield code="a">Sociological jurisprudence</subfield>
    <subfield code="z">Latin America.</subfield>
  </datafield>
  <datafield tag="650" ind1=" " ind2="0">
    <subfield code="a">Law</subfield>
    <subfield code="z">Latin America</subfield>
    <subfield code="x">Philosophy.</subfield>
  </datafield>
  <datafield tag="650" ind1=" " ind2="0">
    <subfield code="a">Justice, Administration of</subfield>
    <subfield code="z">Latin America.</subfield>
  </datafield>
  <datafield tag="650" ind1=" " ind2="7">
    <subfield code="a">LAW / General.</subfield>
  </datafield>
  <datafield tag="650" ind1=" " ind2="7">
    <subfield code="a">LAW / International.</subfield>
  </datafield>
  <datafield tag="650" ind1=" " ind2="7">
    <subfield code="a">SOCIAL SCIENCE / Developing Countries.</subfield>
  </datafield>
  <datafield tag="700" ind1="1" ind2=" ">
    <subfield code="a">Rodr&#xED;guez-Garavito, C&#xE9;sar A.,</subfield>
    <subfield code="e">editor.</subfield>
  </datafield>
  <datafield tag="856" ind1="4" ind2="2">
    <subfield code="u">http://images.tandf.co.uk/common/jackets/websmall/978041585/9780415854047.jpg</subfield>
  </datafield>
  <datafield tag="942" ind1=" " ind2=" ">
    <subfield code="2">ddc</subfield>
    <subfield code="c">BK</subfield>
  </datafield>
  <datafield tag="952" ind1=" " ind2=" ">
    <subfield code="0">0</subfield>
    <subfield code="1">0</subfield>
    <subfield code="4">0</subfield>
    <subfield code="7">0</subfield>
    <subfield code="a">NASSDOC</subfield>
    <subfield code="b">NASSDOC</subfield>
    <subfield code="d">2023-03-16</subfield>
    <subfield code="e">Overseas</subfield>
    <subfield code="g">0.00</subfield>
    <subfield code="l">0</subfield>
    <subfield code="o">340.115098 LAW-</subfield>
    <subfield code="p">53119</subfield>
    <subfield code="r">2023-04-27 00:00:00</subfield>
    <subfield code="v">0.00</subfield>
    <subfield code="w">2023-04-27</subfield>
    <subfield code="y">BK</subfield>
  </datafield>
</record>
